00956nam a2200169Ia 4500008004100000020001800041050002400059100004200083245008000125260003200205300001800237500011800255504003500373505032300408650002500731650003000756120626s2007 mx 000 0 spa d a9789682481420 aRJ506.D4 bG37 20071 aGarza Gutiérrez, Fidel de laeautor aDepresión en la infancia y adolescenciac / Fidel de la Garza Gutiérrez aMéxicob: Trillasc, 2007 a176 páginas aIncluye : Introducción (pp. 7 - 9), Índice onomástico ( pp. 16 - 166), Índice analítico (pp. 167 - 176) aBibliografía (pp. 155 - 164) aCausas de la depresión El niño con pensar depresivo Diagnóstico Tratamiento para la depresión en niños y adolescentes Cómo luchar contra el pensamiento depresivo Luchando contra la depresión y las drogas Suicidio en jóvenes La escuela y la depresión infantil Medios de comunicación  0aDEPRESIÓN INFANTIL 0aDEPRESION EN ADOLESCENTES